000 00786nam a2200265 i 4500
001 C2-0220824
003 PPAK
005 20180728150658.0
008 991005s1998 my a|||| ||||| | may d
020 _a9830525198 ; 9789830525198
040 _aPPAK
_beng
_cPPAK
_erda
082 0 4 _a499.2386
_223
090 0 0 _a499.2386
_bPEN
_dK
245 0 0 _aPenyamun dengan kambing (India)
264 1 _aKuala Lumpur :
_bArowana ,
_c1998
300 _a[12 pages] :
_bcolour illustrations ;
_c17 cm
336 _2rdacontent
_atext
337 _2rdamedia
_aunmediated
338 _2rdacarrier
_avolume
490 1 _aSiri Burung Madu
500 _aMoral values ; Includes glossary ; Includes questions
650 1 0 _aMalay language - Readers.
830 0 _aSiri Burung Madu
942 _ddc
_cB
999 _c142672
_d142672